Statistics for Name a Valid European Country #2

Click here to take the quiz!

General Stats

  • This quiz has been taken 151 times
  • The average score is 16 of 18

Answer Stats

Name a European Country… Countries % Correct
that borders SwitzerlandAustria | France | Germany | Italy | Liechtenstein
100%
NOT containing the letter ABelgium | Czech Republic | Greece |
Kosovo | Sweden | United Kingdom
99%
whose flag does not contain redBosnia and Herzegovina | Estonia | Finland | Greece |
Ireland | Kosovo | San Marino | Sweden | Ukraine
99%
in G7France | Germany | Italy | United Kingdom
98%
on the Black SeaBulgaria | Romania | Russia | Ukraine
96%
on Lake GenevaFrance | Switzerland
96%
within 100 kilometers of ViennaCzech Republic | Hungary | Slovakia
96%
whose capital begins with the letter PCzech Republic | France | Kosovo | Montenegro
94%
bordering the Mediterranean and Atlantic
(excluding territories)
France | Spain
93%
in the EU but not using the EuroBulgaria | Croatia | Czech Republic | Denmark |
Hungary | Poland | Romania | Sweden
93%
bordering multiple countries
that start with the letter S
Austria | Croatia | France | Hungary | Italy
92%
whose currency is the Krone or KronaDenmark | Iceland | Norway | Sweden
89%
in FIFA and has not qualified
for the Men's World Cup
Albania | Andorra | Belarus | Estonia | Finland | + 11 more
89%
with glaciers and on the Mediterranean SeaAlbania | France | Italy | Montenegro | Slovenia | Spain
89%
whose capital is at least
500 km from any other
Iceland | Portugal | Russia
89%
with an HDI below .775Bosnia and Herzegovina | Kosovo |
Moldova | North Macedonia | Ukraine
80%
on the Ligurian SeaFrance | Italy | Monaco
73%
on the Sava RiverAustria | Croatia | Hungary | Italy | Slovenia
66%

Score Distribution

Percentile by Number Answered

Percent of People with Each Score

Your Score History

You have not taken this quiz